[Event "Arco Christmas op 10th"]
[Site "Arco"]
[Date "2019.12.29"]
[Round "5"]
[White "Giancotti, Eraldo"]
[Black "Bisaro, Andrea"]
[Result "1-0"]
[WhiteElo "2071"]
[BlackElo "1845"]
[PlyCount "86"]
[EventDate "2019.12.26"]
[EventType "swiss"]
[EventRounds "7"]
[EventCountry "ITA"]
[SourceTitle "CBM 194 Extra"]
[Source "ChessBase"]
[SourceDate "2020.03.31"]
[SourceVersion "1"]
[SourceVersionDate "2020.03.31"]
[SourceQuality "1"]

1. d4 d5 2. Nf3 Nf6 3. Bf4 Bf5 4. e3 Nbd7 5. c4 c6 6. Nc3 e6 7. Qb3 Qb6 8. c5 Qxb3 9. axb3 Be7 10. b4 Nh5 11. Bd6 Bxd6 12. cxd6 0-0 13. Be2 Nhf6 14. Na4 a6 15. Nc5 Rab8 16. Ne5 Rfd8 17. g4 Be4 18. f3 Nxe5 19. dxe5 Nxg4 20. fxe4 Nxe5 21. exd5 exd5 22. 0-0-0 Rxd6 23. e4 d4 24. Rd2 b6 25. Nxa6 Rbd8 26. b3 d3 27. Bd1 Ra8 28. Ra2 Rd7 29. b5 c5 30. Rf1 Rad8 31. Kd2 g6 32. Rf6 Rb7 33. Ke3 Kg7 34. Rc6 Rdd7 35. h3 h5 36. Rg2 Kh7 37. Kf4 Re7 38. Rc8 f6 39. Ra2 Kg7 40. Nb8 g5+ 41. Ke3 Red7 42. Nxd7 Rxd7 43. Bxh5 Re7 1-0

[Event "Arco op-A 39th"]
[Site "Arco"]
[Date "2017.10.11"]
[Round "5"]
[White "Giancotti, Eraldo"]
[Black "Bellmann, Rambald"]
[Result "0-1"]
[WhiteElo "2094"]
[BlackElo "1440"]
[PlyCount "100"]
[EventDate "2017.10.07"]
[EventType "swiss"]
[EventRounds "9"]
[EventCountry "ITA"]
[SourceTitle "CBM 181 Extra"]
[Source "ChessBase"]
[SourceDate "2017.12.12"]
[SourceVersion "1"]
[SourceVersionDate "2017.12.12"]
[SourceQuality "1"]

1. d4 d5 2. Nf3 Nc6 3. c4 Bg4 4. Nc3 e6 5. Bf4 Bxf3 6. gxf3 Bd6 7. Bxd6 Qxd6 8. cxd5 exd5 9. e3 Nge7 10. a3 0-0 11. Bd3 Qf6 12. f4 Qh4 13. Qf3 Rad8 14. 0-0-0 f5 15. Rhg1 Rf6 16. Rg5 Rg6 17. Rh5 Qg4 18. Qxg4 Rxg4 19. Bxf5 Nxf5 20. Rxf5 Ne7 21. Re5 Kf7 22. Kd2 c6 23. Ke2 h6 24. Kf3 Rg6 25. b4 Rf6 26. Ke2 Nf5 27. Rc1 g6 28. b5 Rb8 29. Rb1 Rd6 30. bxc6 Rxc6 31. Kd2 b6 32. Nxd5 Rbc8 33. Rb2 Kf8 34. Kd3 Rc1 35. Re6 Kf7 36. Re5 R8c6 37. h3 Rd1+ 38. Rd2 Ra1 39. e4 Rxa3+ 40. Ke2 Nh4 41. Re7+ Kf8 42. Rb7 Rc1 43. Ne3 Raa1 44. d5 Re1+ 45. Kd3 Ra3+ 46. Kc2 Nf3 47. d6 Ra2+ 48. Kc3 Rxd2 49. e5 Rc1+ 50. Kb3 Nd4+ 0-1

[Event "Arco op-A 39th"]
[Site "Arco"]
[Date "2017.10.07"]
[Round "1"]
[White "Giancotti, Eraldo"]
[Black "Buck, Klaus Michael"]
[Result "1-0"]
[WhiteElo "2094"]
[BlackElo "1658"]
[PlyCount "61"]
[EventDate "2017.10.07"]
[EventType "swiss"]
[EventRounds "9"]
[EventCountry "ITA"]
[SourceTitle "CBM 181 Extra"]
[Source "ChessBase"]
[SourceDate "2017.12.12"]
[SourceVersion "1"]
[SourceVersionDate "2017.12.12"]
[SourceQuality "1"]

1. d4 e6 2. Bf4 Nf6 3. e3 d5 4. Nd2 Bd6 5. Bg3 0-0 6. c3 c5 7. Ngf3 Nc6 8. Bd3 c4 9. Bc2 Qc7 10. e4 Bxg3 11. hxg3 dxe4 12. Ng5 h6 13. Ndxe4 Qe7 14. Nxf6+ Qxf6 15. Nh7 Qe7 16. Nxf8 Qxf8 17. Qe2 Bd7 18. Qxc4 Rc8 19. Qd3 f5 20. 0-0 Qf6 21. Rfe1 Kf7 22. Bb3 Na5 23. Qf3 Nxb3 24. Qxb7 Qd8 25. axb3 Rb8 26. Qxa7 Rxb3 27. Ra6 Qe7 28. d5 e5 29. Rxe5 Qxe5 30. Qxd7+ Kg8 31. Re6 1-0

[Event "Porto San Giorgio op"]
[Site "Porto San Giorgio"]
[Date "2017.08.28"]
[Round "6"]
[White "Giancotti, Eraldo"]
[Black "Aleksic, Nenad"]
[Result "0-1"]
[WhiteElo "2079"]
[BlackElo "2318"]
[PlyCount "132"]
[EventDate "2017.08.23"]
[EventType "swiss"]
[EventRounds "9"]
[EventCountry "ITA"]
[SourceTitle "CBM 180 Extra"]
[Source "ChessBase"]
[SourceDate "2017.10.06"]
[SourceVersion "1"]
[SourceVersionDate "2017.10.06"]
[SourceQuality "1"]

1. d4 b6 2. Nf3 Nf6 3. g3 Bb7 4. Bg2 g6 5. 0-0 Bg7 6. c4 e6 7. Nc3 Ne4 8. Nxe4 Bxe4 9. Bg5 Qc8 10. Qd2 h6 11. Be3 Qb7 12. Ne1 Bxg2 13. Nxg2 d6 14. Rfd1 Nd7 15. Rac1 Nf6 16. f3 Rd8 17. d5 e5 18. a4 a5 19. Rb1 Qa6 20. b3 Nd7 21. Nh4 Qc8 22. Bf2 0-0 23. e4 Kh7 24. g4 Nf6 25. h3 Ng8 26. Kh2 Rde8 27. Be3 Qd8 28. Qf2 Ne7 29. Ng2 Qd7 30. Qh4 Ng8 31. Rf1 f5 32. Bd2 Qe7 33. Qe1 fxg4 34. fxg4 Rxf1 35. Qxf1 Rf8 36. Qe2 Qf7 37. Kg3 Nf6 38. Kh2 Nd7 39. b4 axb4 40. Bxb4 Ra8 41. Ra1 Nc5 42. Bxc5 dxc5 43. Kg1 Qd7 44. Qd1 Bf6 45. h4 Kg7 46. Ra3 Kh7 47. Qf3 Kg7 48. Ra2 Rxa4 49. Rf2 Qe7 50. h5 Ra1+ 51. Kh2 Bh4 52. Rf1 Rxf1 53. Qxf1 Bg5 54. hxg6 Kxg6 55. Qf5+ Kg7 56. Kg3 Qf6 57. Ne1 Qe7 58. Nd3 Bf6 59. Qh5 Bg5 60. Kf3 b5 61. cxb5 c4 62. Ne1 Qa3+ 63. Kg2 Qe3 64. Kf1 Qf4+ 65. Kg1 Qxe4 66. Ng2 c3 0-1

[Event "Porto San Giorgio op 26th"]
[Site "Porto San Giorgio"]
[Date "2015.08.30"]
[Round "9"]
[White "Giancotti, Eraldo"]
[Black "Aleksic, Nenad"]
[Result "1/2-1/2"]
[WhiteElo "2083"]
[BlackElo "2337"]
[PlyCount "46"]
[EventDate "2015.08.22"]
[EventType "swiss"]
[EventRounds "9"]
[EventCountry "ITA"]
[SourceTitle "EXT 2016"]
[Source "ChessBase"]
[SourceDate "2015.10.08"]
[SourceVersion "1"]
[SourceVersionDate "2015.10.08"]
[SourceQuality "1"]

1. d4 b6 2. Nf3 Nf6 3. g3 Bb7 4. Bg2 e6 5. 0-0 Be7 6. c4 0-0 7. Nc3 Ne4 8. Nxe4 Bxe4 9. Ne1 Bxg2 10. Nxg2 d6 11. e4 Nd7 12. Be3 Nf6 13. Qd3 c5 14. f3 Qc7 15. d5 exd5 16. exd5 Nd7 17. Rae1 Bf6 18. b3 a6 19. f4 Rab8 20. g4 g6 21. g5 Bg7 22. Bd2 b5 23. Bc3 bxc4 1/2-1/2

[Event "Arco op 36th"]
[Site "Arco"]
[Date "2014.10.08"]
[Round "5"]
[White "Paleologu, Vladimir"]
[Black "Giancotti, Eraldo"]
[Result "1/2-1/2"]
[WhiteElo "2170"]
[BlackElo "2086"]
[PlyCount "101"]
[EventDate "2014.10.04"]
[EventType "swiss"]
[EventRounds "9"]
[EventCountry "ITA"]
[SourceTitle "CBM 162 Extra"]
[Source "ChessBase"]
[SourceDate "2014.10.17"]
[SourceVersion "1"]
[SourceVersionDate "2014.10.17"]
[SourceQuality "1"]

1. e4 d6 2. d4 Nf6 3. Nc3 g6 4. Be3 Bg7 5. Qd2 Ng4 6. Bg5 h6 7. Bh4 Nc6 8. h3 Nf6 9. f4 e5 10. dxe5 Nxe4 11. Nxe4 Qxh4+ 12. g3 Qe7 13. 0-0-0 0-0 14. Nf6+ Bxf6 15. exf6 Qxf6 16. Ne2 Be6 17. Nc3 Ne7 18. Bg2 d5 19. Rhe1 Rad8 20. Re2 Qg7 21. Nb5 c6 22. Nd4 Nf5 23. Rxe6 Nxd4 24. Re3 Nf5 25. Ra3 Rfe8 26. g4 Nd6 27. Rxa7 Ra8 28. Rxa8 Rxa8 29. a3 Rxa3 30. Kb1 Nc4 31. Qc1 Ra8 32. Bf1 Nb6 33. Re1 Qd4 34. Re3 Nc4 35. Bxc4 Qxc4 36. Ra3 Re8 37. Re3 Ra8 38. Ra3 Rxa3 39. bxa3 Qc3 40. f5 g5 41. h4 f6 42. hxg5 fxg5 43. Qh1 Qf6 44. Qh2 Kf7 45. Qb8 Qe7 46. Qh8 Qf8 47. Qe5 Qe8 48. Qc7+ Qe7 49. Qc8 Kg7 50. Qb8 d4 51. Kb2 1/2-1/2

[Event "Arco op 36th"]
[Site "Arco"]
[Date "2014.10.07"]
[Round "4"]
[White "Giancotti, Eraldo"]
[Black "Morselli, Stefano"]
[Result "1-0"]
[WhiteElo "2086"]
[BlackElo "1904"]
[PlyCount "91"]
[EventDate "2014.10.04"]
[EventType "swiss"]
[EventRounds "9"]
[EventCountry "ITA"]
[SourceTitle "EXT 2016"]
[Source "ChessBase"]
[SourceDate "2015.10.08"]
[SourceVersion "1"]
[SourceVersionDate "2015.10.08"]
[SourceQuality "1"]

1. Nf3 g6 2. d4 Nf6 3. Nc3 Bg7 4. e4 d6 5. Be3 0-0 6. Qd2 Ng4 7. Bg5 h6 8. Bh4 c6 9. a4 a5 10. Bc4 Na6 11. 0-0 Nc7 12. Rfe1 Be6 13. d5 Bd7 14. Bb3 c5 15. h3 Nf6 16. e5 dxe5 17. Nxe5 g5 18. Bg3 Bf5 19. Rad1 Ra6 20. Qe3 Rd6 21. Qxc5 Na6 22. Qc4 Nb4 23. Nb5 Rxd5 24. c3 Nd3 25. Nxd3 Bxd3 26. Qc7 Bxb5 27. Bxd5 Qxc7 28. Bxc7 Nxd5 29. Rxd5 Bc6 30. Rxa5 Rc8 31. Be5 f6 32. Bd4 e5 33. Bc5 Rd8 34. b4 Rd3 35. b5 Bd5 36. Bb4 f5 37. Ra8+ Kf7 38. Rc8 e4 39. c4 Be6 40. Rc7+ Kg6 41. Rxb7 Bxc4 42. Rc1 Bd4 43. Rxc4 Rd1+ 44. Kh2 Bxf2 45. g4 Kf6 46. Bc3+ 1-0

[Event "Bratto op-B 33rd"]
[Site "Bratto"]
[Date "2013.08.22"]
[Round "5"]
[White "Giancotti, Eraldo"]
[Black "Lazzarini, Sabrina"]
[Result "0-1"]
[WhiteElo "2047"]
[BlackElo "1824"]
[PlyCount "62"]
[EventDate "2013.08.18"]
[EventType "swiss"]
[EventRounds "8"]
[EventCountry "ITA"]
[SourceTitle "EXT 2015"]
[Source "ChessBase"]
[SourceDate "2014.11.20"]
[SourceVersion "1"]
[SourceVersionDate "2014.11.20"]
[SourceQuality "1"]

1. d4 d5 2. Nf3 Nf6 3. g3 c6 4. Bg2 Bf5 5. 0-0 e6 6. c4 Nbd7 7. b3 Be7 8. Bb2 0-0 9. Nbd2 Ne4 10. a4 Ndf6 11. c5 b6 12. b4 bxc5 13. bxc5 Rb8 14. Nb3 Qc7 15. Ne5 Rxb3 16. Qxb3 Nd2 17. Qa2 Nxf1 18. Bxf1 Ne4 19. a5 f6 20. Nd3 Rb8 21. e3 Nd2 22. Be2 Nb3 23. Rd1 Nxa5 24. Bc3 Nc4 25. Qa6 Rb3 26. Qa1 Qb7 27. Ne1 Na3 28. Bd3 Bxd3 29. Nxd3 Nc2 30. Qa5 Ra3 31. Qxa3 Nxa3 0-1

[Event "Condino op 13th"]
[Site "Condino"]
[Date "2013.07.21"]
[Round "1"]
[White "Giacchino, Claudio"]
[Black "Giancotti, Eraldo"]
[Result "0-1"]
[WhiteElo "1664"]
[BlackElo "2062"]
[PlyCount "72"]
[EventDate "2013.07.21"]
[EventType "swiss"]
[EventRounds "7"]
[EventCountry "ITA"]
[SourceTitle "EXT 2015"]
[Source "ChessBase"]
[SourceDate "2014.11.20"]
[SourceVersion "1"]
[SourceVersionDate "2014.11.20"]
[SourceQuality "1"]

1. e4 d6 2. d4 Nf6 3. Nc3 g6 4. h3 Bg7 5. Be3 0-0 6. Qd2 c6 7. 0-0-0 b5 8. Bd3 Qa5 9. Kb1 b4 10. Nce2 Nbd7 11. f3 Rb8 12. Nc1 Rd8 13. Nge2 c5 14. Nb3 Qc7 15. dxc5 dxc5 16. c4 bxc3 17. Qxc3 Nd5 18. Qd2 Nxe3 19. Qxe3 a5 20. Rd2 a4 21. Nbc1 c4 22. Rc2 Qe5 23. Nc3 cxd3 24. Qxd3 Qa5 25. Nd5 Bf8 26. Rd1 Bb7 27. Rcd2 e6 28. Nc3 Ba6 29. Qc2 a3 30. b3 Rdc8 31. Rxd7 Rxc3 32. Qd2 Rbc8 33. f4 Qc5 34. Rd8 Rxd8 35. Qxd8 Rc2 36. Qf6 Rxg2 0-1

[Event "Milan SSM op"]
[Site "Milan"]
[Date "2013.07.07"]
[Round "4"]
[White "Ruggeri, Igor"]
[Black "Giancotti, Eraldo"]
[Result "0-1"]
[WhiteElo "1592"]
[BlackElo "2069"]
[PlyCount "60"]
[EventDate "2013.07.04"]
[EventType "swiss"]
[EventRounds "5"]
[EventCountry "ITA"]
[SourceTitle "EXT 2015"]
[Source "ChessBase"]
[SourceDate "2014.11.20"]
[SourceVersion "1"]
[SourceVersionDate "2014.11.20"]
[SourceQuality "1"]

1. d4 d5 2. c4 Nc6 3. e3 e5 4. dxe5 Bb4+ 5. Nc3 d4 6. exd4 Qxd4 7. Qxd4 Nxd4 8. Bd3 Be6 9. Rb1 0-0-0 10. Nge2 Nc6 11. Nf4 Nxe5 12. Be2 Bxc4 13. Bxc4 Nxc4 14. 0-0 Nf6 15. a3 Bxc3 16. bxc3 Nd2 17. Bxd2 Rxd2 18. Rfe1 Rhd8 19. f3 Rc2 20. Rb3 Nd5 21. Ne2 Re8 22. Kf1 Ne3+ 23. Kf2 Nxg2 24. Kxg2 Rcxe2+ 25. Rxe2 Rxe2+ 26. Kg3 b6 27. Rb4 a5 28. Re4 Rxe4 29. fxe4 Kd7 30. Kf4 Kc6 0-1

[Event "ITA-chT A1.2"]
[Site "Arzignano"]
[Date "2013.03.16"]
[Round "2"]
[White "Barillaro, Luca"]
[Black "Giancotti, Eraldo"]
[Result "1-0"]
[WhiteElo "2179"]
[BlackElo "2061"]
[PlyCount "106"]
[EventDate "2013.03.15"]
[EventType "team"]
[EventRounds "5"]
[EventCountry "ITA"]
[SourceTitle "EXT 2014"]
[Source "ChessBase"]
[SourceDate "2013.11.20"]
[SourceVersion "1"]
[SourceVersionDate "2013.11.20"]
[SourceQuality "1"]

1. d4 d5 2. Nf3 Nc6 3. Bf4 Bg4 4. e3 f6 5. Be2 Bxf3 6. Bxf3 e5 7. dxe5 fxe5 8. Bg3 Nf6 9. 0-0 h5 10. Bh4 Ne7 11. Bxf6 gxf6 12. Bxh5+ Kd7 13. c4 c6 14. cxd5 cxd5 15. Bf7 Kc8 16. Nc3 d4 17. exd4 exd4 18. Nb5 Nc6 19. Qg4+ Kb8 20. Qf4+ Ne5 21. Rad1 Bc5 22. Rfe1 Qe7 23. Bb3 Rd8 24. Kh1 d3 25. Qf5 Bb4 26. Nc3 Qg7 27. Re4 Bxc3 28. bxc3 a5 29. Rd4 Rh8 30. Rd6 a4 31. Bd5 Qg4 32. Qxg4 Nxg4 33. Kg1 Kc7 34. Re6 Rae8 35. h3 Ne5 36. f4 Rxe6 37. Bxe6 Ng6 38. g3 Kd6 39. Bf5 Rg8 40. Rxd3+ Kc5 41. Kf2 Ne7 42. Be6 Rh8 43. Rd7 Nc6 44. Rxb7 Rd8 45. Rd7 Re8 46. f5 Ne5 47. Ra7 Nd3+ 48. Ke2 Nb2 49. Kd2 Rd8+ 50. Kc2 Rb8 51. h4 a3 52. Rxa3 Nc4 53. Bxc4 Kxc4 1-0

[Event "Arco Christmas op 3rd"]
[Site "Arco"]
[Date "2012.12.30"]
[Round "7"]
[White "Raineri, Valerio"]
[Black "Giancotti, Eraldo"]
[Result "1/2-1/2"]
[WhiteElo "2151"]
[BlackElo "2040"]
[PlyCount "121"]
[EventDate "2012.12.26"]
[EventType "swiss"]
[EventRounds "7"]
[EventCountry "ITA"]
[SourceTitle "CBM 152 Extra"]
[Source "ChessBase"]
[SourceDate "2013.02.25"]
[SourceVersion "1"]
[SourceVersionDate "2013.02.25"]
[SourceQuality "1"]

1. e4 d6 2. d4 Nf6 3. Nc3 c6 4. Be3 Qa5 5. f3 e5 6. Qd2 Nbd7 7. Nh3 Be7 8. Be2 0-0 9. 0-0 Qc7 10. f4 b5 11. a3 a6 12. Nf2 Bb7 13. Rae1 Rac8 14. Bf3 Rfd8 15. Ne2 Nb6 16. Qa5 Nc4 17. Qxc7 Rxc7 18. Bc1 Nd7 19. b3 Ncb6 20. Nd3 Bf6 21. Bb2 exd4 22. Bxd4 c5 23. Bxf6 Nxf6 24. Nf2 Re8 25. Rd1 d5 26. e5 Nfd7 27. Nc3 f6 28. Nxd5 Nxd5 29. Bxd5+ Bxd5 30. Rxd5 fxe5 31. Re1 Kf7 32. fxe5 Re6 33. Nh3 Ke7 34. Nf4 Rh6 35. Rd2 Nb6 36. Rd6 Rc6 37. Rd2 g5 38. Nh3 Rhg6 39. Nf2 Ke6 40. Ne4 Nd5 41. c4 bxc4 42. bxc4 Nb6 43. Nd6 Nd7 44. Nb7 Rb6 45. Rd6+ Ke7 46. Rxg6 Rxg6 47. Nd6 Nxe5 48. Nc8+ Ke6 49. Ne7 Kxe7 50. Rxe5+ Kd6 51. Rd5+ Kc6 52. Kf2 h6 53. Rd8 Re6 54. Kf3 Rf6+ 55. Ke3 Rf4 56. Kd3 Rh4 57. h3 g4 58. hxg4 Rxg4 59. Rh8 Rg3+ 60. Ke4 Rg4+ 61. Kd3 1/2-1/2

[Event "ITA-ch B"]
[Site "Civitanova Marche"]
[Date "2012.07.22"]
[Round "8"]
[White "Giancotti, Eraldo"]
[Black "Simeone, Giulio"]
[Result "1-0"]
[WhiteElo "2062"]
[BlackElo "1984"]
[PlyCount "120"]
[EventDate "2012.07.15"]
[EventType "swiss"]
[EventRounds "8"]
[EventCountry "ITA"]
[SourceTitle "EXT 2023"]
[Source "ChessBase"]
[SourceDate "2022.10.05"]
[SourceVersion "1"]
[SourceVersionDate "2022.10.05"]
[SourceQuality "1"]

1. d4 g6 2. Nc3 d5 3. e4 dxe4 4. f3 c5 5. d5 exf3 6. Qxf3 Bg7 7. Bb5+ Bd7 8. Nge2 Bxb5 9. 0-0 Nf6 10. Nxb5 0-0 11. d6 Nbd7 12. Qxb7 Rb8 13. Qa6 Rb6 14. Qa4 exd6 15. Nxa7 Qa8 16. Nc3 Rb4 17. Qa3 Rg4 18. Rf2 Re8 19. Bf4 Nh5 20. Bg3 Bd4 21. Ncb5 Bxf2+ 22. Kxf2 Qe4 23. Qd3 Nxg3 24. hxg3 Re6 25. Rd1 Qxd3 26. Rxd3 Ra4 27. a3 Nf6 28. b3 Rae4 29. g4 Nxg4+ 30. Kg3 Ne5 31. Rd2 f5 32. Nc7 f4+ 33. Kh3 Re7 34. Nab5 Re3+ 35. Kh4 f3 36. Nd5 Re4+ 37. Kh3 Re6 38. Nbc7 Re2 39. Rd1 Kf7 40. Nxe6 f2 41. Ng5+ Kg7 42. Rf1 Rxc2 43. Ne4 Rb2 44. a4 Rxb3+ 45. Nec3 Nd3 46. Kg3 c4 47. Kf3 g5 48. Ke2 g4 49. g3 h5 50. Ra1 Rb2+ 51. Kf1 Nc5 52. a5 h4 53. gxh4 g3 54. a6 Nb3 55. a7 Nd2+ 56. Kg2 f1Q+ 57. Rxf1 Nxf1+ 58. Kxf1 Rf2+ 59. Kg1 Rf8 60. Nc7 Kg6 1-0

[Event "ITA-ch B"]
[Site "Civitanova Marche"]
[Date "2012.07.20"]
[Round "6"]
[White "Giancotti, Eraldo"]
[Black "Pierantozzi, Stanislao"]
[Result "1-0"]
[WhiteElo "2062"]
[BlackElo "1986"]
[PlyCount "79"]
[EventDate "2012.07.15"]
[EventType "swiss"]
[EventRounds "8"]
[EventCountry "ITA"]
[SourceTitle "EXT 2023"]
[Source "ChessBase"]
[SourceDate "2022.10.05"]
[SourceVersion "1"]
[SourceVersionDate "2022.10.05"]
[SourceQuality "1"]

1. c4 e5 2. g3 Nf6 3. Bg2 Nc6 4. a3 d5 5. cxd5 Nxd5 6. Nc3 Be6 7. Nf3 Be7 8. 0-0 0-0 9. d3 h5 10. Qc2 Nb6 11. Ne4 Nd4 12. Nxd4 exd4 13. Bf4 Rc8 14. Nc5 Bxc5 15. Qxc5 c6 16. Rfe1 h4 17. Be5 h3 18. Bf3 Nd7 19. Qxd4 Nxe5 20. Qxe5 Re8 21. Qf4 g5 22. Qb4 Qd7 23. Rac1 g4 24. Bh1 b6 25. Qf4 c5 26. Rc3 Qb5 27. Qd2 Red8 28. Rec1 a5 29. b3 Rd6 30. Be4 Qd7 31. Qg5+ Kf8 32. b4 axb4 33. axb4 f5 34. bxc5 Rxc5 35. Rxc5 bxc5 36. Ra1 fxe4 37. Qf6+ Kg8 38. Ra8+ Qc8 39. Rxc8+ Bxc8 40. Qxd6 1-0

[Event "Arco op 33rd"]
[Site "Arco"]
[Date "2011.10.29"]
[Round "8"]
[White "Maddaloni, Giovanni"]
[Black "Giancotti, Eraldo"]
[Result "0-1"]
[WhiteElo "1774"]
[BlackElo "2073"]
[PlyCount "106"]
[EventDate "2011.10.22"]
[EventType "swiss"]
[EventRounds "9"]
[EventCountry "ITA"]
[SourceTitle "EXT 2012"]
[Source "ChessBase"]
[SourceDate "2011.11.24"]
[SourceVersion "1"]
[SourceVersionDate "2011.11.24"]
[SourceQuality "1"]

1. e4 g6 2. d4 Bg7 3. Nc3 c6 4. Be3 d6 5. Qd2 Nd7 6. Nf3 Qa5 7. Be2 Ngf6 8. h3 b5 9. Bd3 0-0 10. 0-0 e5 11. Rfe1 a6 12. Bh6 Re8 13. Bxg7 Kxg7 14. a3 Qc7 15. Rad1 Bb7 16. Bf1 Rad8 17. d5 cxd5 18. exd5 Nb6 19. Qg5 Nbxd5 20. Nxd5 Nxd5 21. Nh4 f6 22. Qg3 Nf4 23. Nf5+ Kh8 24. Ne3 d5 25. c3 Re7 26. Qh4 Re6 27. Rd2 h5 28. f3 Red6 29. Qf2 Bc8 30. Red1 Bb7 31. Nc2 Qe7 32. g3 Ne6 33. Bg2 h4 34. Re1 hxg3 35. Qxg3 Qh7 36. Red1 Nf4 37. Ne3 Bc8 38. b3 R8d7 39. c4 dxc4 40. Rxd6 Ne2+ 41. Kf2 Nxg3 42. Rxd7 Bxd7 43. Kxg3 cxb3 44. Bf1 Qh6 45. Kf2 Bxh3 46. Rd8+ Kg7 47. Bd3 Qh4+ 48. Ke2 Qa4 49. Rb8 Qxa3 50. Rb7+ Kh6 51. Rb8 Qa2+ 52. Ke1 Kg5 53. Rg8 Kf4 0-1

[Event "Arco op 33rd"]
[Site "Arco"]
[Date "2011.10.23"]
[Round "2"]
[White "Kasparov, Sergey"]
[Black "Giancotti, Eraldo"]
[Result "1-0"]
[WhiteElo "2521"]
[BlackElo "2073"]
[PlyCount "69"]
[EventDate "2011.10.22"]
[EventType "swiss"]
[EventRounds "9"]
[EventCountry "ITA"]
[SourceTitle "EXT 2024"]
[Source "ChessBase"]
[SourceDate "2023.10.10"]
[SourceVersion "1"]
[SourceVersionDate "2023.10.10"]
[SourceQuality "1"]

1. e4 d6 2. d4 Nf6 3. f3 g6 4. Be3 Nbd7 5. c4 Bg7 6. Nc3 0-0 7. Qd2 c6 8. Bd3 e5 9. d5 cxd5 10. cxd5 a6 11. Nge2 Nh5 12. 0-0 Qe8 13. g4 Nhf6 14. Ng3 Nc5 15. Be2 Kh8 16. b4 Na4 17. Nxa4 Qxa4 18. Rfc1 Ng8 19. Rc7 Qe8 20. Bd3 Qd8 21. Rac1 Qh4 22. R1c2 Bh6 23. g5 Bg7 24. Bf2 Qf4 25. Be3 Qh4 26. Qc1 Bh3 27. Rxb7 h6 28. Rcc7 Bc8 29. Rb6 f5 30. Rxg7 Kxg7 31. gxh6+ Kf6 32. Rxd6+ Ke7 33. Bg5+ Qxg5 34. Qxg5+ Kxd6 35. h7 1-0

[Event "Porto San Giorgio op 23rd"]
[Site "Porto San Giorgio"]
[Date "2011.08.27"]
[Round "8"]
[White "Giancotti, Eraldo"]
[Black "Moroni, Luca Jr"]
[Result "1-0"]
[WhiteElo "2070"]
[BlackElo "1964"]
[PlyCount "139"]
[EventDate "2011.08.21"]
[EventType "swiss"]
[EventRounds "9"]
[EventCountry "ITA"]
[SourceTitle "CBM 144 Extra"]
[Source "ChessBase"]
[SourceDate "2011.10.28"]
[SourceVersion "1"]
[SourceVersionDate "2011.10.28"]
[SourceQuality "1"]

1. c4 e6 2. Nf3 d5 3. d4 Nf6 4. g3 c5 5. cxd5 cxd4 6. Bg2 Nc6 7. 0-0 Be7 8. Nc3 0-0 9. Bg5 exd5 10. Nxd4 Qb6 11. Nb3 d4 12. Bxf6 Bxf6 13. Nd5 Qd8 14. Nxf6+ Qxf6 15. Bxc6 bxc6 16. Qxd4 Qxd4 17. Nxd4 c5 18. Nb3 c4 19. Nd4 Rd8 20. e3 g6 21. Rfc1 Ba6 22. Rc3 Rd5 23. Rac1 Ra5 24. a3 Rc8 25. f3 Kf8 26. h4 Ke7 27. e4 Kf6 28. Kf2 Rc7 29. Ke3 Ke7 30. b4 Ra4 31. g4 Rc8 32. Rd1 Kf6 33. Nc2 Ke7 34. Rd5 Bb7 35. Rd4 Ba6 36. g5 Bb5 37. Rd5 a6 38. Nd4 Ra8 39. f4 Ra7 40. f5 Ra8 41. Kf4 Ra7 42. Ke5 Ra8 43. Rc5 Re8 44. Nxb5 axb5 45. Rxb5 Rea8 46. Rb7+ Kf8 47. Kf6 R4a6+ 48. Ke5 Rxa3 49. Rxc4 Rf3 50. Rcc7 Re8+ 51. Kd6 Rd3+ 52. Kc6 Rc3+ 53. Kb6 Rxc7 54. Rxc7 Rxe4 55. b5 gxf5 56. Rc5 Rxh4 57. Kc7 Kg7 58. b6 Rb4 59. Rxf5 Kg6 60. Rc5 h6 61. gxh6 Kxh6 62. b7 f6 63. Rc6 Rxb7+ 64. Kxb7 Kg5 65. Rc7 f5 66. Kc6 Kf4 67. Kd5 Ke3 68. Re7+ Kf3 69. Ke5 f4 70. Rf7 1-0

[Event "Porto San Giorgio op 23rd"]
[Site "Porto San Giorgio"]
[Date "2011.08.25"]
[Round "6"]
[White "Movileanu, Daniela"]
[Black "Giancotti, Eraldo"]
[Result "1/2-1/2"]
[WhiteElo "1931"]
[BlackElo "2070"]
[PlyCount "125"]
[EventDate "2011.08.21"]
[EventType "swiss"]
[EventRounds "9"]
[EventCountry "ITA"]
[SourceTitle "CBM 144 Extra"]
[Source "ChessBase"]
[SourceDate "2011.10.28"]
[SourceVersion "1"]
[SourceVersionDate "2011.10.28"]
[SourceQuality "1"]

1. e4 e6 2. d3 c5 3. Nf3 Nc6 4. g3 g6 5. Bg2 Bg7 6. 0-0 Nge7 7. Re1 d6 8. c3 0-0 9. h4 b5 10. h5 Rb8 11. Nh2 d5 12. Nd2 b4 13. c4 dxc4 14. Nxc4 Ba6 15. hxg6 Nxg6 16. Ng4 Bxc4 17. dxc4 Qxd1 18. Rxd1 Rfd8 19. Nh6+ Kf8 20. Be3 Ke8 21. Rab1 Bd4 22. Ng4 Ke7 23. Kf1 h5 24. Bxd4 cxd4 25. Nh2 b3 26. axb3 Rxb3 27. Nf3 Nge5 28. Nd2 Rb4 29. b3 Rh8 30. Nf3 Nxf3 31. Bxf3 e5 32. Ke2 Rhb8 33. Rd3 a5 34. Kd2 Rxc4 35. Bxh5 Rc5 36. Ra1 Nb4 37. Rf3 f6 38. g4 Rf8 39. Bg6 d3 40. Rh3 Kd6 41. Bf5 Rc2+ 42. Kd1 Ra8 43. Rxd3+ Nxd3 44. Kxc2 Nxf2 45. Rf1 Nh3 46. Rd1+ Kc6 47. Rh1 Ng5 48. Rh6 Rf8 49. Kc3 Kc5 50. Rh1 Rd8 51. Ra1 Kb5 52. Rh1 Rd4 53. Re1 Nf7 54. Be6 Nd6 55. Bd5 Kb6 56. Rf1 Nxe4+ 57. Bxe4 Rxe4 58. Rxf6+ Kc5 59. g5 Re3+ 60. Kc2 Rg3 61. g6 Kd4 62. Re6 Ke4 63. Ra6 1/2-1/2

[Event "Porto San Giorgio op 23rd"]
[Site "Porto San Giorgio"]
[Date "2011.08.23"]
[Round "3"]
[White "Giancotti, Eraldo"]
[Black "Carnicelli, Valerio"]
[Result "1-0"]
[WhiteElo "2070"]
[BlackElo "1898"]
[PlyCount "135"]
[EventDate "2011.08.21"]
[EventType "swiss"]
[EventRounds "9"]
[EventCountry "ITA"]
[SourceTitle "CBM 144 Extra"]
[Source "ChessBase"]
[SourceDate "2011.10.28"]
[SourceVersion "1"]
[SourceVersionDate "2011.10.28"]
[SourceQuality "1"]

1. Nf3 d5 2. d4 e6 3. g3 Bd6 4. Bg2 f6 5. c4 c6 6. 0-0 Ne7 7. Nc3 0-0 8. b3 b6 9. Bb2 Bb4 10. a3 Bxc3 11. Bxc3 Ba6 12. Nd2 f5 13. Bb2 Nd7 14. Rc1 Rc8 15. Re1 Ng6 16. b4 b5 17. c5 Nf6 18. Ra1 f4 19. e3 fxg3 20. hxg3 h5 21. Qc2 Qe8 22. e4 Qf7 23. Re3 Ng4 24. Rf3 Qe8 25. Re1 Rxf3 26. Nxf3 Qf7 27. Bc1 Rf8 28. Rf1 Ne7 29. Ng5 Qg6 30. f3 Nh6 31. Qe2 Nf7 32. Qe3 Nxg5 33. Qxg5 Qxg5 34. Bxg5 Kf7 35. Ra1 Rd8 36. exd5 Rxd5 37. f4 Rxd4 38. Bxe7 Kxe7 39. Bxc6 h4 40. gxh4 Rxf4 41. Rd1 Bc8 42. Bxb5 Rxh4 43. Kf2 Rh3 44. Bd3 Rh2+ 45. Ke3 Ra2 46. Rg1 Kf7 47. b5 Rxa3 48. Rf1+ Ke7 49. Kd2 Ra2+ 50. Kc3 Ra3+ 51. Kc2 Ra2+ 52. Kb3 Ra5 53. Kb4 Ra2 54. Rh1 a6 55. Rh8 Bd7 56. bxa6 g5 57. Rg8 g4 58. Kb3 Ra5 59. Kb4 Ra4+ 60. Kc3 Ra5 61. Rg5 Kf6 62. Rg6+ Kf7 63. Rxg4 Rxc5+ 64. Rc4 Ra5 65. Rc7 Ke8 66. Kb4 Ra4+ 67. Kc5 Kd8 68. Rxd7+ 1-0